Brand /

Bibliographic Details
Main Author: Ibsen, Henrik, 1828-1906
Format: Book
Language:English
Norwegian
Published: Seattle : University of Washington Press, [1966]

MARC

Tag First Indicator Second Indicator Subfields
LEADER 00000cam a2200000 4500
001 in00000021614
005 20151007063650.0
008 720510s1966 wau b 00000 eng u
010 |a  66004374  
035 |a (OCoLC)00305846 
035 |9 AAD7946AM 
040 |c WSU  |d TXA  |d UtOrBLW 
041 1 |a eng  |a nor 
049 |a TXAM  |c [464336] 
050 0 |a PT8858  |b .A332 1966 
092 |a 839.8226  |b I14br 
100 1 |a Ibsen, Henrik,  |d 1828-1906. 
245 1 0 |a Brand /  |c Translated by G. M. Gathorne-Hardy. 
264 1 |a Seattle :  |b University of Washington Press,  |c [1966] 
300 |a 223 pages ;  |c 21 cm. 
336 |a text  |b txt  |2 rdacontent 
337 |a unmediated  |b n  |2 rdamedia 
338 |a volume  |b nc  |2 rdacarrier 
504 |a Bibliographical footnotes. 
999 |a MARS 
999 f f |s ddeec71e-044a-3d90-bda4-0c6ee395f352  |i 933d8613-b458-3693-94ae-6b2306364a23  |t 0 
952 f f |p normal  |a Texas A&M University  |b College Station  |c Sterling C. Evans Library  |d Evans: Library Stacks  |t 0  |e PT8858 .A332 1966  |h Library of Congress classification  |i unmediated -- volume  |m A14801361210 
998 f f |a PT8858 .A332 1966  |t 0  |l Evans: Library Stacks